000 00368nam a2200133Ia 4500
008 151001s9999||||xx |||||||||||||| ||und||
100 _aRabindranath Tagor
245 _aNationalism
250 _a1
260 _bRediance
260 _c2009
300 _a72
365 _b21
999 _c995705
_d995702